000 00463cam a2200181ua 4500
001 5137
008 161118n II |||gr||||Z||||||eng
040 _aMAIN
041 _aEnglish
082 _a920 RUS
100 _aRUSSELL , BERTRAND.
245 _aAUTO BIOGRAPHY OF BERTRAND RUSSELL
260 _aLONDON:
_bUNWIN BOOKS,
_c1975.
300 _a750:
_c20CM.
653 _aBiography, genealogy & insignia
700 _aRUSSELL , BERTRAND.,
_eAUTHOR.
942 _cBK
999 _c5122
_d5122